ბათუმის შოთა რუსთაველის სახელმწიფო უნივერსიტეტის ბიბლიოთეკა

Policies and policy processes of the European Union / (ბიბ.ჩანაწერი № 57933)

000 -LEADER
fixed length control field 01379cam a2200289 a 4500
001 - CONTROL NUMBER
control field 17727976
005 - DATE AND TIME OF LATEST TRANSACTION
control field 20221114112340.0
008 - FIXED-LENGTH DATA ELEMENTS--GENERAL INFORMATION
fixed length control field 130507s2013 enka b 001 0 eng d
020 ## - INTERNATIONAL STANDARD BOOK NUMBER
International Standard Book Number 9781403915146x
041 ## - LANGUAGE CODE
Language code of text/sound track or separate title eng
080 ## - UNIVERSAL DECIMAL CLASSIFICATION NUMBER
Universal Decimal Classification number 327(4) B-94
100 1# - MAIN ENTRY--PERSONAL NAME
Personal name Buonanno, Laurie.
9 (RLIN) 11009
245 10 - TITLE STATEMENT
Title Policies and policy processes of the European Union /
Statement of responsibility, etc. Laurie Buonanno and Neill Nugent.
264 ## - PRODUCTION, PUBLICATION, DISTRIBUTION, MANUFACTURE, AND COPYRIGHT NOTICE
Place of production, publication, distribution, manufacture New York :
Name of producer, publisher, distributor, manufacturer Palgrave Macmillan,
Date of production, publication, distribution, manufacture, or copyright notice 2013.
300 ## - PHYSICAL DESCRIPTION
Extent 356 pages :
Other physical details illustrations ;
Dimensions 26 cm.
337 ## - MEDIA TYPE
Media type term unmediated
Media type code n
Source rdamedia
338 ## - CARRIER TYPE
Carrier type term volume
Carrier type code nc
Source rdacarrier
653 ## - INDEX TERM--UNCONTROLLED
keyword Policies and Policy Processes of the European Union
653 ## - INDEX TERM--UNCONTROLLED
keyword ევროკავშირის პოლიტიკისა და პოლიტიკის პროცესები
653 ## - INDEX TERM--UNCONTROLLED
keyword Политики и политические процессы Европейского Союза
700 1# - ADDED ENTRY--PERSONAL NAME
Personal name Nugent, Neill.
9 (RLIN) 10877
Relator term ავტორი
830 #0 - SERIES ADDED ENTRY--UNIFORM TITLE
Uniform title European Union series (Palgrave Macmillan (Firm))
9 (RLIN) 10495
856 42 - ELECTRONIC LOCATION AND ACCESS
Materials specified Contributor biographical information
Uniform Resource Identifier http://www.loc.gov/catdir/enhancements/fy1502/2012533717-b.html
856 42 - ELECTRONIC LOCATION AND ACCESS
Materials specified Publisher description
Uniform Resource Identifier http://www.loc.gov/catdir/enhancements/fy1502/2012533717-d.html
856 41 - ELECTRONIC LOCATION AND ACCESS
Materials specified Table of contents only
Uniform Resource Identifier http://www.loc.gov/catdir/enhancements/fy1502/2012533717-t.html
942 ## - ADDED ENTRY ELEMENTS (KOHA)
Source of classification or shelving scheme
Koha item type წიგნი
ეგზემპლარები
Withdrawn status Lost status Source of classification or shelving scheme Damaged status Not for loan Permanent Location Current Location Shelving location Date acquired Cost, normal purchase price Full call number Barcode Date last seen Copy number Price effective from Koha item type Public note
          ბათუმის შოთა რუსთაველის სახელმწიფო უნივერსიტეტის მთავარი ბიბლიოთეკა ბათუმის შოთა რუსთაველის სახელმწიფო უნივერსიტეტის მთავარი ბიბლიოთეკა წიგნსაცავი 2021-04-02 111.00 327(4) B-94 54119 2021-04-02 54119 2021-04-02 წიგნი 111.00 GEL.
          ბათუმის შოთა რუსთაველის სახელმწიფო უნივერსიტეტის მთავარი ბიბლიოთეკა ბათუმის შოთა რუსთაველის სახელმწიფო უნივერსიტეტის მთავარი ბიბლიოთეკა წიგნსაცავი 2021-04-02 111.00 327(4) B-94 54120 2021-04-02 54120 2021-04-02 წიგნი 111.00 GEL.